| 000 | 00803nam a2200217 a 4500 | ||
|---|---|---|---|
| 001 | 000023243 | ||
| 005 | 20200930022101.0 | ||
| 008 | 101130s1988 cu 000 p spa d | ||
| 040 |
_aDO-SdBNP _bspa _cBNPHU |
||
| 082 |
_aCu861.44 _bP879ób |
||
| 100 | 1 |
_aPoveda, José Manuel _929791 |
|
| 245 | 1 | 0 |
_aObra poética : _bedición crítica / _cJosé Manuel Poveda ; selección, prólogo y notas de Alberto Rocasolano ; edición de Eliana Dávila. |
| 260 |
_aLa Habana : _bLetras Cubanas, _c1988. |
||
| 300 |
_a559 p. ; _c24 cm. |
||
| 504 | _aIncluye referencias bibliográficas y notas al pie de las páginas. | ||
| 650 | 4 |
_aPoesía cubana _95226 |
|
| 650 | 4 |
_aLiteratura cubana _ySIGLO _947871 |
|
| 700 | 1 |
_aRocasolano, Alberto, _epról. _947872 |
|
| 700 | 1 |
_aDávila, Eliana, _eed. _911227 |
|
| 049 | _aBNGR | ||
| 999 |
_c22740 _d22740 |
||